PR-SOF-1735-EPIC- The Smart Epilepsy Notification Muscle Band (Record no. 577844)
[ view plain ]
| 000 -LEADER | |
|---|---|
| fixed length control field | 00413nam a22001217a 4500 |
| 082 ## - DEWEY DECIMAL CLASSIFICATION NUMBER | |
| Classification number | 220 PRO |
| 100 ## - MAIN ENTRY--PERSONAL NAME | |
| Personal name | NC Ayub Jamal GC Touseef Ahmad |
| 9 (RLIN) | 71182 |
| 245 ## - TITLE STATEMENT | |
| Title | PR-SOF-1735-EPIC- The Smart Epilepsy Notification Muscle Band |
| 260 ## - PUBLICATION, DISTRIBUTION, ETC. | |
| Place of publication, distribution, etc. | ISLAMABAD |
| Name of publisher, distributor, etc. | NUST COLLEGE OF EME |
| Date of publication, distribution, etc. | 2018 |
| 650 ## - SUBJECT ADDED ENTRY--TOPICAL TERM | |
| Topical term or geographic name entry element | DE-COMP-36 DECLASS |
| 9 (RLIN) | 71183 |
| 700 ## - ADDED ENTRY--PERSONAL NAME | |
| Personal name | PROJECT SUPERVISORS LEC. Ali Saeed Khan Dr. Sajid Gul Khawaja |
| 9 (RLIN) | 71184 |
| 942 ## - ADDED ENTRY ELEMENTS (KOHA) | |
| Koha item type | Continuing Resources |
| Withdrawn status | Lost status | Damaged status | Not for loan | Permanent Location | Current Location | Shelving location | Date acquired | Total Checkouts | Full call number | Barcode | Date last seen | Price effective from | Koha item type |
|---|---|---|---|---|---|---|---|---|---|---|---|---|---|
| College of Electrical & Mechanical Engineering (CEME) | College of Electrical & Mechanical Engineering (CEME) | Reference | 12/05/2019 | 220 PRO | PR-SOF-1735 | 06/28/2021 | 06/28/2021 | Continuing Resources |
